[Event "19th Heart of Finland Open"]
[Site "Jyvaskyla FIN"]
[Date "2009.07.08"]
[Round "3"]
[White "Koskela,N"]
[Black "Gladyszev,O"]
[Result "1/2-1/2"]
[WhiteElo "2236"]
[BlackElo "2447"]

1.e4 c5 2.Nf3 Nc6 3.Bb5 g6 4.Bxc6 dxc6 5.d3 Bg7 6.h3 Nf6 7.Nc3 O-O 8.Bf4 Re8
9.Qd2 a5 10.O-O a4 11.Bh6 Bh8 12.Rad1 e5 13.b3 b5 14.Ne2 Qd6 15.Nh2 c4 16.bxc4 bxc4
17.Qc3 cxd3 18.Rxd3 Qe6 19.f3 Ba6 20.Rd2 Qxa2 21.Ra1 Qc4 22.Nf1 Bg7 23.Bxg7 Kxg7
24.Ne3 Qb5 25.Nc1 Red8 26.Rxd8 Rxd8 27.Nd3 Rd4 28.Qc5 Nd7 29.Qe7 Qb8 30.Nc5 Nxc5
31.Qxc5 Qb5 32.Qe7 Bc8 33.Nd5 Rxd5 34.exd5 Qxd5 35.Rxa4 Bxh3 36.Re4 Bf5 37.Qxe5+ Qxe5
38.Rxe5 Bxc2 39.Kf2 Bb3 40.g4 Kf6 41.f4 Be6 42.g5+ Kg7 43.Ra5 h5 44.gxh6+ Kxh6
45.Kg3 Kg7 46.Rc5 Bd5 47.Kg4 Kf6 48.Ra5 Ke6 49.Kg5 Kd6 50.Kf6 Be6 51.Kg5 c5
52.Kh4 Kd5 53.Kg3 Kd4 54.Kf3 c4 55.Re5 Kd3 56.Re3+ Kd2 57.Ke4 Bf5+ 58.Kd4 Bd3
59.Rh3 Ke2 60.Re3+ Kf2 61.Re7 f6 62.Re6 f5 63.Re3 Bf1 64.Ra3 Bd3 65.Rc3 Kf3
66.Ke5 Ke3 67.Ra3 Kd2 68.Kd4 Ke2 69.Rc3 Kf2 70.Ra3 Kg3 71.Ke5 Kg4 72.Ra1 c3
73.Rg1+ Kf3 74.Kd4 Be4 75.Kxc3 Kxf4  1/2-1/2

[Event "37th Greek Teams"]
[Site "Kallithea GRE"]
[Date "2009.07.08"]
[Round "8"]
[White "Ballas,K"]
[Black "Hristidis,S"]
[Result "0-1"]
[WhiteElo "1859"]
[BlackElo "1812"]

1.e4 c5 2.Nf3 Nc6 3.Bb5 g6 4.c3 Bg7 5.O-O d5 6.e5 Bg4 7.Re1 Qb6 8.Qa4 Bxf3
9.gxf3 e6 10.d4 cxd4 11.cxd4 Ne7 12.Be3 O-O 13.Rc1 Rfc8 14.Rc5 Bf8 15.Rc3 a6
16.Bxc6 Qxb2 17.Rb3 Qxa1 18.Bxb7 Rc4 19.Qa5 Nc6 20.Qb6 Rb8 21.Kg2 Qxa2 22.Nd2 Rc2
23.Qc7 Qa5 24.Rb6 Rb2 25.Qxb8 Qxb6 26.Bh6 Nxb8  0-1

[Event "12th Festival IM"]
[Site "Bischwiller FRA"]
[Date "2009.07.09"]
[Round "6"]
[White "Genzling,A"]
[Black "Heinz,Ti"]
[Result "1-0"]
[WhiteElo "2353"]
[BlackElo "2279"]

1.e4 c5 2.Nf3 Nc6 3.Bb5 d6 4.O-O Bd7 5.Re1 Nf6 6.h3 a6 7.Bf1 Ne5 8.c3 Nxf3+
9.Qxf3 e5 10.d4 Qc7 11.dxe5 dxe5 12.c4 h6 13.Nc3 Be7 14.b3 O-O-O 15.Be3 Qa5
16.Nd5 Nxd5 17.cxd5 f5 18.exf5 Rhf8 19.Bd3 Kb8 20.a3 Qc3 21.Qe2 Bxf5 22.Bc4 Bd6
23.Rec1 Qa5 24.b4 Qb6 25.Ba2 Rc8 26.Qc4 Qb5 27.Qxb5 axb5 28.bxc5 Be7 29.d6 Bf6
30.Bd5 Bd3 31.f3 e4 32.Ra2 exf3 33.Bxf3 Rce8 34.Bf2 Bc4 35.Rac2 Bd3 36.Rd2 Bg5
37.Rxd3 Bxc1 38.Rb3 Rd8 39.Rxb5 Rd7 40.c6 Rxd6 41.Bg3 Bf4 42.Rxb7+ Ka8 43.Bxf4 Rxf4
44.c7 Rd1+ 45.Kh2 Rh1+ 46.Kxh1 Rxf3 47.c8=Q+  1-0

[Event "37th Greek Teams"]
[Site "Kallithea GRE"]
[Date "2009.07.09"]
[Round "9"]
[White "Gavrilakis,N"]
[Black "Goumas,G"]
[Result "1/2-1/2"]
[WhiteElo "2412"]
[BlackElo "2315"]

1.e4 c5 2.Nf3 Nc6 3.Bb5 d6 4.c3 Bd7 5.d4 cxd4 6.cxd4 Nf6 7.Nc3 g6 8.O-O Bg7
9.h3 O-O 10.Re1 a6  1/2-1/2

[Event "19th Heart of Finland Open"]
[Site "Jyvaskyla FIN"]
[Date "2009.07.10"]
[Round "6"]
[White "Rudolf,An"]
[Black "Ivanov,SA"]
[Result "1-0"]
[WhiteElo "2313"]
[BlackElo "2359"]

1.e4 c5 2.Nf3 Nc6 3.Bb5 g6 4.Bxc6 dxc6 5.O-O Bg7 6.d3 e5 7.Nbd2 Ne7 8.a4 a5
9.Nc4 Qc7 10.Bd2 O-O 11.h3 Be6 12.Bc3 f6 13.Kh2 b6 14.Qe2 Rab8 15.Ng1 Rbe8
16.b3 f5 17.Nf3 Nc8 18.Kg1 Bxc4 19.bxc4 h6 20.Rae1 g5 21.Nh2 f4 22.Qh5 Nd6
23.Rb1 Rb8 24.Ng4 Nf7 25.Qg6 Qe7 26.Qxc6 h5 27.Nh2 g4 28.hxg4 Qh4 29.Qg6 hxg4
30.Qxg4 Qh6 31.Nf3 Rbe8 32.Nh4 Ng5 33.f3 Re6 34.Kf2 Qf6 35.Rh1 Kf7 36.Nf5 Rg8
37.Qh5+ Kf8 38.Rh4 Rh8 39.Qg4 Rg8 40.Rbh1 Ke8 41.Nxg7+ Qxg7 42.Qh5+ Rg6 43.Rxf4 Kd8
44.g4 Qd7 45.Bxe5 Qxa4 46.Qh2 Qxc2+ 47.Ke3 Qa4 48.Rf6 R6g7 49.Rxb6 Rd7 50.Rb8+ Ke7
51.Rxg8  1-0

[Event "8th Open"]
[Site "La Fere FRA"]
[Date "2009.07.10"]
[Round "8"]
[White "Riff,JN"]
[Black "Goldsztejn,Gi"]
[Result "1/2-1/2"]
[WhiteElo "2505"]
[BlackElo "2403"]

1.e4 c5 2.Nf3 Nc6 3.Bb5 Qb6 4.Nc3 e6 5.O-O Nge7 6.Re1 a6 7.Bf1 Ng6 8.b3 Be7
9.Bb2 O-O 10.Ne2 Qc7 11.c4 b6 12.Ng3 Bb7 13.d3 Rad8 14.Qc1 f6 15.a3 Bd6 16.Bc3 Bf4
17.Qb2 Nge5 18.Be2 d5 19.Nxe5 Nxe5 20.Rad1 dxe4 21.dxe4 Bxg3 22.hxg3 Bxe4
23.Bxe5 Qxe5 24.Qxe5 fxe5 25.Bg4 Bc2 26.Bxe6+ Kh8 27.Rxd8 Rxd8 28.b4 e4 29.bxc5 bxc5
30.Bd5 g6 31.Bxe4 Bxe4 32.Rxe4 Rd1+  1/2-1/2

[Event "ch-SUI"]
[Site "Graechen SUI"]
[Date "2009.07.11"]
[Round "3"]
[White "Lehmann,Marc"]
[Black "Muheim,L"]
[Result "1-0"]
[WhiteElo "2268"]
[BlackElo "2323"]

1.e4 c5 2.Nf3 Nc6 3.Bb5 e6 4.O-O Nge7 5.c3 a6 6.Ba4 b5 7.Bc2 d5 8.e5 d4 9.Be4 Bb7
10.cxd4 cxd4 11.a4 b4 12.d3 Nd5 13.Nbd2 Be7 14.Nb3 O-O 15.Nbxd4 Nxd4 16.Nxd4 Qb6
17.Qg4 g6 18.Be3 Bc5 19.Bxd5 Bxd5 20.Nc2 Rac8 21.Bxc5 Qxc5 22.Ne3 Ba8 23.Qf4 Rcd8
24.Rac1 Qb6 25.Rc4 Rxd3 26.Ng4 Qd8 27.Qh6  1-0

[Event "FSGM July"]
[Site "Budapest HUN"]
[Date "2009.07.12"]
[Round "9"]
[White "Breder,D"]
[Black "Flumbort,A"]
[Result "1/2-1/2"]
[WhiteElo "2435"]
[BlackElo "2507"]

1.e4 c5 2.Nf3 Nc6 3.Bb5 g6 4.O-O Bg7 5.Re1 Nf6 6.e5 Nd5 7.Nc3 Nc7 8.Bxc6 dxc6
9.Ne4 b6 10.Nf6+ Kf8 11.Ne4 h6 12.d3 Kg8 13.b3 Ne6 14.Bb2 Nd4 15.Ng3 Qd5
16.Re4 Nxf3+ 17.Qxf3 Be6 18.Qe2 h5 19.h4 Rd8 20.Re1 Kh7  1/2-1/2

[Event "Diputacion Foral de Gipuzkoa"]
[Site "Donostia ESP"]
[Date "2009.07.13"]
[Round "6"]
[White "Karlovich,A"]
[Black "Melnikova,Y"]
[Result "0-1"]
[WhiteElo "2211"]
[BlackElo "2285"]

1.e4 c5 2.Nf3 Nc6 3.Bb5 d6 4.O-O Bd7 5.Re1 Nf6 6.c3 a6 7.Bf1 Bg4 8.d3 e6
9.Nbd2 Be7 10.h3 Bh5 11.a3 Qc7 12.g4 Bg6 13.Nh4 Nd7 14.Nxg6 hxg6 15.Nf3 d5
16.Qe2 d4 17.e5 Rd8 18.Bg2 Nb6 19.cxd4 cxd4 20.Bd2 Na4 21.Qd1 Nc5 22.Qc2 Qb6
23.b4 Nd7 24.Re4 O-O 25.Rb1 Rc8 26.Qb3 Rfd8 27.h4 Qc7 28.Rc1 Qb8 29.Rce1 Nf8
30.h5 Rd5 31.Bf4 Qa7 32.Rc1 Rcd8 33.Re2 Rb5 34.Nd2 a5 35.Qa4 Qa6 36.Nb3 g5
37.Bg3 Nd7 38.Bxc6 bxc6 39.Nxd4 Nb6 40.Qc2 Rxd4 41.Qxc6 Rbd5 42.Qe8+ Bf8
43.Rc7 Rd7 44.Rec2 Qxd3 45.bxa5 Rxc7 46.Rxc7 Nd7 47.a6 Qb1+ 48.Kh2 Rd1 49.Rxd7 Rh1+
50.Kg2 Rg1+ 51.Kf3 Qb3+ 52.Ke2 Qc2+ 53.Ke3 Re1+ 54.Kd4 Rd1+ 55.Ke3 Qc3+  0-1

[Event "Matskevich Mem GM"]
[Site "Kharkiv UKR"]
[Date "2009.07.13"]
[Round "6"]
[White "Gomozov,I"]
[Black "Kislinsky,A"]
[Result "1/2-1/2"]
[WhiteElo "2298"]
[BlackElo "2425"]

1.e4 c5 2.Nf3 Nc6 3.Bb5 g6 4.O-O Bg7 5.c3 Nf6 6.Re1 O-O 7.d4 cxd4 8.cxd4 d5
9.e5 Ne4 10.Nbd2 Nxd2 11.Bxd2 Bg4 12.Bxc6 bxc6 13.h3 Bxf3 14.Qxf3 f6 15.exf6 Bxf6
16.Qd3 Qb6 17.Bc3 Rf7 18.Re6  1/2-1/2

[Event "Open"]
[Site "Rethymno GRE"]
[Date "2009.07.13"]
[Round "2"]
[White "Smith,Bry"]
[Black "Kagas,K"]
[Result "1-0"]
[WhiteElo "2467"]
[BlackElo "2098"]

1.e4 c5 2.Nf3 Nc6 3.Bb5 e6 4.Bxc6 bxc6 5.d3 d6 6.e5 Qc7 7.exd6 Bxd6 8.Nbd2 Nf6
9.O-O O-O 10.Nc4 Bf4 11.Bxf4 Qxf4 12.Qd2 Qc7 13.Qa5 Qe7 14.Nfd2 Rb8 15.Ne4 Nxe4
16.dxe4 Rb5 17.Qc3 f6 18.Rfd1 Rd8 19.Ne3 Rxd1+ 20.Rxd1 Rb4 21.e5 Kf7 22.Nc4 Ba6
23.Nd6+ Kg6 24.Qg3+ Kh6 25.Qa3 Bb5 26.c4 Bxc4 27.Qh3+ Kg5 28.f4+ Kg6 29.Qg3+ Kh6
30.Qh4+ Kg6 31.f5+ exf5 32.Qg3+ Kh5 33.Qh3+ Kg5 34.Qxf5+ Kh6 35.Qh3+ Kg5
36.Qe3+ Kh5 37.Qf3+ Kg5 38.h4+  1-0

[Event "ch-SCO"]
[Site "Edinburgh SCO"]
[Date "2009.07.14"]
[Round "4"]
[White "Rowson,J"]
[Black "Herbold,M"]
[Result "1-0"]
[WhiteElo "2591"]
[BlackElo "2159"]

1.e4 c5 2.Nf3 Nc6 3.Bb5 g6 4.Bxc6 dxc6 5.d3 Bg7 6.h3 Nf6 7.Nc3 Nd7 8.Be3 O-O
9.Qd2 Re8 10.Bh6 Bh8 11.h4 e5 12.h5 Qe7 13.O-O-O Nf8 14.hxg6 fxg6 15.Rh4 Bf6
16.Bg5 h5 17.Rdh1 Nh7 18.Bxf6 Qxf6 19.Qh6 Qg7 20.Qe3 b6 21.Nd2 Rf8 22.f3 Nf6
23.Nc4 Re8 24.g4 Re6 25.gxh5 Nxh5 26.Rg1 Qh8 27.Qg5 Kf7 28.Nd5 cxd5 29.exd5 Rf6
30.Nxe5+ Ke8 31.Nxg6 Qg7 32.Rxh5 Bf5 33.Rh8+  1-0

[Event "IM"]
[Site "Condom FRA"]
[Date "2009.07.17"]
[Round "8"]
[White "Delorme,Ax"]
[Black "Guichard,P"]
[Result "1-0"]
[WhiteElo "2434"]
[BlackElo "2261"]

1.e4 c5 2.Nf3 Nc6 3.Bb5 g6 4.Bxc6 dxc6 5.d3 Bg7 6.h3 Nf6 7.Nc3 O-O 8.Bf4 Nd7
9.Qd2 Re8 10.Bh6 Bh8 11.h4 e5 12.h5 Bf6 13.O-O-O Nf8 14.hxg6 hxg6 15.Rdg1 Ne6
16.Ne2 b5 17.g4 c4 18.d4 Nxd4 19.Nexd4 exd4 20.e5 c3 21.bxc3 dxc3 22.Qxc3 b4
23.exf6 Bxg4 24.Bg7 Bh5 25.Rxh5 gxh5 26.Bh6+ Kh8 27.Ne5 Rg8 28.Bg7+ Rxg7
29.fxg7+ Kg8 30.Qf3  1-0

[Event "Corporation Centre Cup"]
[Site "Izhevsk RUS"]
[Date "2009.07.17"]
[Round "3"]
[White "Shcherbakov,R"]
[Black "Demianjuk,A"]
[Result "1-0"]
[WhiteElo "2500"]
[BlackElo "2368"]

1.e4 c5 2.Nf3 Nc6 3.Bb5 g6 4.O-O Bg7 5.Re1 Nf6 6.e5 Nd5 7.Nc3 Nc7 8.Bxc6 dxc6
9.Ne4 Ne6 10.d3 O-O 11.Be3 b6 12.Qd2 f5 13.exf6 exf6 14.Bh6 a5 15.Bxg7 Kxg7
16.Ng3 Ra7 17.h4 Nd4 18.h5 Nxf3+ 19.gxf3 Re8 20.Rxe8 Qxe8 21.Re1 Re7 22.h6+ Kf7
23.Ne4 Qd8 24.Qc3 Re6 25.Re3 g5 26.Nxg5+ fxg5 27.Qg7+ Ke8 28.Qg8+ Ke7 29.Qxh7+ Kd6
30.Qg7 Qf6 31.Rxe6+ Kxe6 32.Qg8+ Kd6 33.h7 Qxf3 34.Qxc8  1-0

[Event "TCh Eur-Youth U18"]
[Site "Pardubice CZE"]
[Date "2009.07.17"]
[Round "2"]
[White "Ponizil,C"]
[Black "Martinovic,Sa"]
[Result "1/2-1/2"]
[WhiteElo "2314"]
[BlackElo "2525"]

1.e4 c5 2.Nf3 Nc6 3.Bb5 e6 4.O-O Nge7 5.Re1 a6 6.Bf1 d5 7.exd5 Qxd5 8.Na3 Qd8
9.Nc4 b5 10.Nce5 Bb7 11.a4 Nxe5 12.Nxe5 b4 13.Bc4 Nd5 14.d4 Qc7 15.Qh5 g6
16.Nxg6 fxg6 17.Rxe6+ Be7 18.Qe5 Qxe5 19.Rxe5 O-O-O 20.Bxd5 Rxd5 21.Rxe7 cxd4
22.Bd2 a5 23.Bf4  1/2-1/2

[Event "LTC Open A"]
[Site "Leiden NED"]
[Date "2009.07.18"]
[Round "8"]
[White "Shreyansh,D"]
[Black "Slingerland,F"]
[Result "1-0"]
[WhiteElo "2279"]
[BlackElo "2406"]

1.e4 c5 2.Nf3 Nc6 3.Bb5 g6 4.Bxc6 bxc6 5.O-O Bg7 6.c3 Nf6 7.Re1 O-O 8.d4 d5
9.e5 Ne4 10.Nbd2 cxd4 11.cxd4 c5 12.dxc5 Nxc5 13.Nb3 Nxb3 14.Qxb3 Bg4 15.Nd4 Qb6
16.Qxb6 axb6 17.Bg5 Rfe8 18.b3 Rac8 19.h3 Bd7 20.Bd2 Rc7 21.Bb4 Bf8 22.e6 Bc8
23.Rad1 f5 24.Nb5 Rc6 25.Nd4 Rc7 26.Bd2 Bg7 27.Bf4 Rc5 28.Be5 Ba6 29.g4 fxg4
30.hxg4 Bh6 31.Kg2 Rec8 32.f4 Rf8 33.g5 Bg7 34.Bxg7 Kxg7 35.Kg3 Rc3+ 36.Kg4 Rfc8
37.Re5 Rd8 38.f5 Bd3 39.Rd2 Be4 40.Rf2 Re8 41.f6+ Kh8 42.fxe7 Rxe7 43.Rf7 Rcc7
44.Rxe7 Rxe7 45.Kf4 Kg7 46.Nc6 Re8 47.e7 h5 48.Nd8 h4 49.Nb7  1-0

[Event "TCh Eur-Youth U18"]
[Site "Pardubice CZE"]
[Date "2009.07.19"]
[Round "4"]
[White "Varga,Dav"]
[Black "Jacko,V2"]
[Result "1-0"]
[WhiteElo "2285"]
[BlackElo "2079"]

1.e4 c5 2.Nf3 Nc6 3.Bb5 g6 4.O-O Bg7 5.c3 Nf6 6.Re1 O-O 7.h3 a6 8.Bf1 d6
9.d4 cxd4 10.cxd4 d5 11.e5 Ne4 12.Nc3 Nxc3 13.bxc3 Na5 14.Bd3 Qc7 15.Bg5 f6
16.exf6 exf6 17.Bf4 Qc6 18.Qc1 Be6 19.Bg3 Rfe8 20.Rb1 b5 21.Rb2 Rac8 22.Rbe2 Bf7
23.Rxe8+ Rxe8 24.Rxe8+ Bxe8 25.Qe1 Bf8 26.h4 h5 27.Kh2 Bf7 28.Ng1 Nc4 29.Ne2 Nb2
30.Bc2 Qc4 31.Bb3 Qd3 32.Nf4 Qf5 33.Qe2 Na4 34.Bxa4 bxa4 35.Qxa6 g5 36.Nh3 a3
37.hxg5 fxg5 38.Be5 h4 39.f3 Be6 40.Nxg5 Bc8 41.Qc6 Qxg5 42.Qxc8  1-0

[Event "TCh Eur-Youth U18"]
[Site "Pardubice CZE"]
[Date "2009.07.20"]
[Round "5"]
[White "Savitskiy,S"]
[Black "Firat,B"]
[Result "1-0"]
[WhiteElo "2191"]
[BlackElo "2310"]

1.e4 c5 2.Nf3 Nc6 3.Bb5 d6 4.d4 cxd4 5.Qxd4 Bd7 6.Bxc6 Bxc6 7.Nc3 Nf6 8.Bg5 e6
9.Bxf6 Qxf6 10.Qxf6 gxf6 11.O-O-O Rg8 12.Rhg1 a6 13.Nd4 Bd7 14.g3 Rc8 15.f4 b5
16.a3 Be7 17.Rgf1 Bd8 18.f5 Ke7 19.Rf3 Ba5 20.Nce2 Bb6 21.h3 Rc4 22.g4 Rcc8
23.c3 Rc4 24.b3 Rc5 25.Kb2 a5 26.fxe6 fxe6 27.Rdf1 Rf8 28.b4 Re5 29.Ng3 a4
30.Kc2 d5 31.Kd3 Be8 32.Rf4 dxe4+ 33.Nxe4 Bg6 34.Nc6+  1-0

[Event "4th Summer Cup"]
[Site "Porto Carras GRE"]
[Date "2009.07.20"]
[Round "4"]
[White "Karlovich,A"]
[Black "Spiropoulos,P"]
[Result "1/2-1/2"]
[WhiteElo "2211"]
[BlackElo "2114"]

1.e4 c5 2.Nf3 Nc6 3.Bb5 g6 4.O-O Bg7 5.Re1 e5 6.c3 Nge7 7.d4 cxd4 8.cxd4 exd4
9.Bf4 a6 10.Ba4 b5 11.Bb3 d6 12.a4 b4 13.Nbd2 O-O 14.Nc4 d5 15.Nd6 Be6 16.e5 Qb6
17.Qd2 Rad8  1/2-1/2

[Event "Najdorf Mem Open"]
[Site "Warsaw POL"]
[Date "2009.07.20"]
[Round "3"]
[White "Warakomski,T"]
[Black "Doluhanova,E"]
[Result "0-1"]
[WhiteElo "2491"]
[BlackElo "2327"]

1.e4 c5 2.Nf3 Nc6 3.Bb5 e6 4.Bxc6 bxc6 5.Qe2 d5 6.d3 Ne7 7.O-O Ng6 8.c4 Be7
9.Nc3 O-O 10.b3 d4 11.Na4 e5 12.Ba3 Bg4 13.h3 Nf4 14.Qd1 Bh5 15.Kh2 f5 16.exf5 Nxg2  0-1

[Event "17th Open"]
[Site "Saint Affrique FRA"]
[Date "2009.07.21"]
[Round "5"]
[White "Mancini,M"]
[Black "Marco,C"]
[Result "1-0"]
[WhiteElo "2269"]
[BlackElo "2055"]

1.e4 c5 2.Nf3 Nc6 3.Bb5 Nd4 4.Nxd4 cxd4 5.O-O e5 6.c3 a6 7.Bc4 Bc5 8.cxd4 Bxd4
9.Nc3 Nf6 10.d3 h6 11.Kh1 O-O 12.f4 d6 13.Qf3 b5 14.Bb3 Be6 15.fxe5 Bxe5
16.Be3 Bxb3 17.axb3 b4 18.Na4 d5 19.Bc5 dxe4 20.dxe4 Re8 21.Nb6 Rb8 22.Nc4 Rb5
23.Rad1 Qc7 24.Bd6 Bxd6 25.Nxd6 Rh5 26.h3 Re6 27.Nf5 Qc2 28.Nd4 Qxe4 29.Nxe6 Qxe6
30.Rfe1 Qc8 31.Rd6 Qc2  1-0

[Event "13th Battle of Senta Open A"]
[Site "Senta SRB"]
[Date "2009.07.21"]
[Round "5"]
[White "Mijic,V"]
[Black "Budimir,Bor"]
[Result "1-0"]
[WhiteElo "2220"]
[BlackElo "2352"]

1.e4 c5 2.Nf3 Nc6 3.Bb5 g6 4.O-O Bg7 5.c3 e5 6.d4 cxd4 7.cxd4 exd4 8.Bf4 Nge7
9.Nbd2 O-O 10.Bd6 a6 11.Bc4 h6 12.a4 b6 13.b4 Bb7 14.Rc1 Na7 15.b5 axb5 16.axb5 Nac8
17.Bc7 Qe8 18.Qb3 d6 19.Rfe1 Qd7 20.e5 dxe5 21.Nxe5 Bxe5 22.Bxe5 Nd6 23.Qg3 Ndf5
24.Qg4 Rac8 25.h4 h5 26.Qg5 Kh7 27.Qf6 Nd5 28.Ne4 Rce8 29.Bxd5 Qxd5 30.Qg5 Re6
31.Nf6+ Rxf6 32.Bxf6 d3 33.Re5 Qd7 34.Rd1 Nd4 35.Re3 Nxb5 36.Rexd3 Qc6 37.Bb2 Nc7
38.Rd6 Qe4 39.f3 Qb4 40.Qf6 Ne8 41.Rxb6 Qa5  1-0

[Event "Najdorf Mem Open"]
[Site "Warsaw POL"]
[Date "2009.07.21"]
[Round "4"]
[White "Warakomski,T"]
[Black "Jacek,K"]
[Result "1-0"]
[WhiteElo "2491"]
[BlackElo "2047"]

1.e4 c5 2.Nf3 Nc6 3.Bb5 e6 4.O-O Nge7 5.b3 a6 6.Bxc6 bxc6 7.Re1 Ng6 8.Bb2 d5
9.d3 Qc7 10.Nc3 d4 11.Na4 e5 12.Nd2 h5 13.Nc4 Rb8 14.Bc1 Bg4 15.Qd2 Rb5 16.f3 Be6
17.Qf2 Be7 18.Bd2 h4 19.Kf1 Rh5 20.Ke2 Bg5 21.Bxg5 Rxg5 22.g3 f5 23.Kd2 hxg3
24.hxg3 fxe4 25.Rxe4 Bd5 26.Rh1 Rb4 27.Nab2 Qb8 28.Qe1 Kd7 29.Kc1 Bxe4 30.dxe4 Qf8
31.Rf1 Rh5 32.Nd3 Rb5 33.f4 exf4 34.gxf4 Rh3 35.Qe2 Kc7 36.Qg4 Rh6 37.f5 Nh8
38.Qg3+ Kb7 39.a4 Rb6 40.Qe5 Ka7 41.Nxb6 Kxb6 42.a5+ Kb5 43.Qc7  1-0

[Event "Hanowa Generations"]
[Site "Biel SUI"]
[Date "2009.07.22"]
[Round "3"]
[White "Kudryavtsev,E"]
[Black "Bhend,E"]
[Result "1/2-1/2"]
[WhiteElo "2073"]
[BlackElo "2205"]

1.e4 c5 2.Nf3 Nc6 3.Bb5 d6 4.h3 Bd7 5.c3 Nf6 6.Qe2 e5 7.O-O Be7 8.Rd1 O-O
9.d3 h6 10.Nbd2 Ne8 11.d4 cxd4 12.cxd4 exd4 13.Nb3 Bf6 14.Bxc6 bxc6 15.Nbxd4 Qb6
16.Rb1 c5 17.Nf5 Bxf5 18.exf5 Nc7 19.Nh2 Rfe8 20.Qf3 Nb5 21.Ng4 Qd8 22.Be3 Nd4
23.Nxf6+ Qxf6 24.Bxd4 cxd4 25.Qd5 Rac8 26.Rd2 Rc5 27.Qxd4 Qxf5 28.Rbd1 Re6  1/2-1/2

[Event "2nd Open"]
[Site "Paleohora GRE"]
[Date "2009.07.22"]
[Round "3"]
[White "Chatzidakis,M"]
[Black "Haznedaroglu,K"]
[Result "0-1"]
[WhiteElo "2303"]
[BlackElo "2468"]

1.e4 c5 2.Nf3 Nc6 3.Bb5 Qb6 4.Nc3 e6 5.O-O Nge7 6.Re1 Nd4 7.Bf1 Nec6 8.Nb1 Be7
9.c3 Nxf3+ 10.Qxf3 O-O 11.Na3 d6 12.d3 Bf6 13.Nc4 Qc7 14.Qg3 Ne5 15.f4 Nxc4
16.dxc4 g6 17.Bd3 Kh8 18.f5 Qe7 19.Bf4 e5 20.Bh6 Rg8 21.Qh3 Bd7 22.Re2 a6
23.Rf1 b5 24.b3 Rad8 25.Qf3 Bc6 26.cxb5 axb5 27.c4 b4 28.Ref2 gxf5 29.Qxf5 Bh4
30.Rf3 Rg6 31.Qh5 Rdg8 32.Rxf7 Rxg2+ 33.Kh1 Be8 34.Rxe7 Bxh5  0-1

[Event "TCh Eur-Youth U18"]
[Site "Pardubice CZE"]
[Date "2009.07.22"]
[Round "7"]
[White "Pranizin,G"]
[Black "Vlasak,Lu"]
[Result "1/2-1/2"]
[WhiteElo "2152"]
[BlackElo "2177"]

1.e4 c5 2.Nf3 Nc6 3.Bb5 g6 4.O-O Bg7 5.Re1 Nf6 6.e5 Nd5 7.Nc3 Nc7 8.Bxc6 dxc6
9.d3 O-O 10.Be3 b6 11.h3 Be6 12.Qd2 Bd5 13.Nxd5 cxd5 14.Bh6 Ne6 15.Bxg7 Kxg7
16.d4 Rc8 17.c3 Qd7 18.Red1 cxd4 19.Nxd4 Rfd8 20.Nc2 Qc7 21.Qe3 Qc5 22.Rac1 Qxe3
23.Nxe3 d4 24.cxd4 Rxc1 25.Rxc1 Rxd4 26.Rc8 Nc5 27.Re8 Rd7 28.f4 Nd3 29.g3 h5
30.b3 h4 31.Kg2 hxg3 32.Kxg3 Nc1 33.h4 e6 34.Ng4 Ne2+ 35.Kf3 Nd4+ 36.Kf2 Nf5
37.Nf6 Rd2+ 38.Ke1 Rxa2 39.Rg8+ Kh6 40.Rh8+ Kg7 41.Rh7+ Kf8 42.Rh8+ Kg7 43.Rg8+ Kh6
44.Rh8+  1/2-1/2

[Event "17th Open"]
[Site "Saint Affrique FRA"]
[Date "2009.07.22"]
[Round "6"]
[White "Boudre,JP"]
[Black "Valles,M"]
[Result "0-1"]
[WhiteElo "2337"]
[BlackElo "2142"]

1.e4 c5 2.Nf3 Nc6 3.Bb5 g6 4.Bxc6 dxc6 5.d3 Bg7 6.h3 Nf6 7.Nc3 e5 8.Be3 Qe7
9.Qd2 O-O 10.O-O Rd8 11.Bg5 c4 12.Qe3 cxd3 13.cxd3 h6 14.Bxh6 Bxh6 15.Qxh6 Rxd3
16.Rad1 Rxd1 17.Rxd1 Bd7 18.Ng5 Qf8 19.Qh4 Kg7 20.Nh7 Nxh7 21.Rxd7 b5 22.f3 Nf6
23.Rc7 Qd6 24.Rb7 b4 25.Ne2 Qd4+ 26.Kf1 Rd8  0-1

[Event "XXXV d'Esca Open"]
[Site "Sitges ESP"]
[Date "2009.07.22"]
[Round "1"]
[White "Cuartas,Ja"]
[Black "Lluverol Torrents,S"]
[Result "1-0"]
[WhiteElo "2521"]
[BlackElo "2006"]

1.e4 c5 2.Nf3 Nc6 3.Bb5 g6 4.O-O Bg7 5.Re1 Nf6 6.e5 Nd5 7.Nc3 Nxc3 8.dxc3 O-O
9.Bf4 Qb6 10.Qd3 a6 11.Bc4 Nd8 12.a4 Ne6 13.Bg3 Qc7 14.a5 b5 15.axb6 Qxb6
16.Bd5 Bb7 17.b3 Bxd5 18.Qxd5 Rfd8 19.Nd2 Nc7 20.Qf3 Ra7 21.Nc4 Qb7 22.Qxb7 Rxb7
23.Red1 f6 24.exf6 Bxf6 25.Na5 Rb5 26.Bxc7 Rc8 27.Rxd7 Bxc3 28.Ra4 Rxc7 29.Rxc7 Bxa5
30.Rxe7 Bb4 31.Rxa6 Rb8 32.Rea7  1-0

[Event "MTO"]
[Site "Biel SUI"]
[Date "2009.07.23"]
[Round "4"]
[White "Novikov,St1"]
[Black "Salem,AR"]
[Result "1-0"]
[WhiteElo "2540"]
[BlackElo "2469"]

1.e4 c5 2.Nf3 Nc6 3.Bb5 e6 4.O-O Nge7 5.Re1 a6 6.Bxc6 Nxc6 7.Nc3 e5 8.Nd5 d6
9.c3 Bg4 10.h3 Bh5 11.d4 cxd4 12.cxd4 Bxf3 13.Qxf3 Nxd4 14.Qd3 Rc8 15.Rd1 g6
16.Be3 Bg7 17.Rac1 Rc6 18.Rc3 O-O 19.Rdc1 Rxc3 20.Rxc3 Nc6 21.b4 Qh4 22.Rc4 Bh6
23.Bb6 Qg5 24.a4 f5 25.b5 axb5 26.axb5 Nd4 27.Bxd4 exd4 28.exf5 Bg7 29.f4 Qh5
30.Rc7 gxf5 31.Rxb7 Kh8 32.b6 Qe8 33.Re7 Qc6 34.Qf3 Qb5 35.Kh2 Rg8 36.Ra7 Qb1
37.Ra3 Rb8 38.Qb3 Qxb3 39.Rxb3 Rb7 40.Ra3 d3  1-0

[Event "zt 3.3"]
[Site "Ho Chi Minh City VIE"]
[Date "2009.07.23"]
[Round "2"]
[White "Nguyen Hoang Nam1"]
[Black "Nguyen Van Huy"]
[Result "0-1"]
[WhiteElo "2320"]
[BlackElo "2414"]

1.e4 c5 2.Nf3 Nc6 3.Bb5 Nf6 4.Qe2 g6 5.Nc3 Bg7 6.e5 Ng4 7.Bxc6 dxc6 8.h3 Nh6
9.Ne4 b6 10.Nf6+ Kf8 11.Ne4 Nf5 12.d3 h6 13.Be3 Nd4 14.Bxd4 cxd4 15.O-O Qd5
16.Rfe1 Bxe5 17.c4 dxc3 18.Nxc3 Bxc3 19.Qxe7+ Kg7 20.bxc3 Qd8 21.Qe3 Be6
22.Ne5 c5 23.a4 Re8 24.Qd2 Qd5 25.Re3 Rad8 26.c4 Qd6 27.Rae1 f6 28.Ng4 g5
29.h4 Qf4 30.hxg5 hxg5 31.Nh2 Bf7 32.Nf1 Rxe3 33.Nxe3 Rh8 34.Qc3 Kg6 35.g3 Qf3
36.Ng2 Be8 37.Re3 Qh5 38.f4 Qh1+ 39.Kf2 Rh2 40.f5+ Kf7  0-1

[Event "Najdorf Mem Open"]
[Site "Warsaw POL"]
[Date "2009.07.23"]
[Round "6"]
[White "Malec,S"]
[Black "Ivanov,Sergey1"]
[Result "0-1"]
[WhiteElo "2041"]
[BlackElo "2528"]

1.e4 c5 2.Nf3 Nc6 3.Bb5 d6 4.d4 cxd4 5.Qxd4 Bd7 6.Bxc6 Bxc6 7.Nc3 Nf6 8.Bg5 e6
9.O-O-O Be7 10.Qd3 O-O 11.Kb1 h6 12.h4 Qa5 13.Nd4 hxg5 14.hxg5 Qxg5 15.Qh3 Qh6
16.Qg3 Qg6 17.Qh4 Qh7 18.Qg3 Nxe4 19.Nxe4 Qxe4 20.Qh3 f6 21.Rde1 Qxg2 22.Qxe6+ Rf7
23.Nf5 Bf8 24.Rhg1 Qh2 25.Qe3 Re8  0-1

[Event "2nd Open"]
[Site "Paleohora GRE"]
[Date "2009.07.24"]
[Round "5"]
[White "Glek,I"]
[Black "Parligras,M"]
[Result "1-0"]
[WhiteElo "2528"]
[BlackElo "2557"]

1.e4 c5 2.Nf3 Nc6 3.Bb5 d6 4.O-O Bd7 5.Re1 Nf6 6.c3 a6 7.Ba4 b5 8.Bc2 e5
9.h3 g6 10.d4 Bg7 11.dxc5 dxc5 12.Be3 c4 13.b3 cxb3 14.Bxb3 Qe7 15.c4 Na5
16.Nc3 Nxc4 17.Bxc4 bxc4 18.Bg5 Qc5 19.Rc1 Rc8 20.Nd2 Be6 21.Qf3 Nd7 22.Nd5 Bxd5
23.exd5 O-O 24.Ne4 Qxd5 25.Red1 Qc6 26.Rd6 Qc7 27.Rxa6 f6 28.Be3 f5 29.Nd6 e4
30.Qd1 Ne5 31.Qd5+ Kh8 32.Nxc8 Rxc8 33.Ra7 Qc6 34.Qxc6 Nxc6 35.Rb7 c3 36.Kf1 Ne5
37.Rb5 Nc4 38.Bf4 h6 39.a4 Kh7 40.a5 g5 41.Be3 f4 42.Bb6 Kg8 43.Bc5 Rc6 44.Ke2 Nd6
45.Rb8+ Kf7 46.Bxd6 Rxd6 47.Rb7+ Kg8 48.Rc2 Ra6 49.Ra2 Rc6 50.Kd1 e3 51.fxe3 fxe3
52.Re7 Bd4 53.a6 Rd6 54.Kc2 Rd8 55.a7 Ra8 56.Kd3 c2 57.Kxc2 Kf8 58.Rb7 e2
59.Rb8+ Ke7 60.Kd2  1-0

[Event "Czech Open A"]
[Site "Pardubice CZE"]
[Date "2009.07.24"]
[Round "1"]
[White "Savitskiy,S"]
[Black "Gjuran,D"]
[Result "0-1"]
[WhiteElo "2191"]
[BlackElo "2360"]

1.e4 c5 2.Nf3 Nc6 3.Bb5 d6 4.d4 Bd7 5.dxc5 dxc5 6.O-O g6 7.Nc3 Bg7 8.Re1 Nd4
9.Bxd7+ Qxd7 10.e5 Rd8 11.Be3 Nh6 12.Ne4 Ng4 13.Nxc5 Nxf3+ 14.Qxf3 Nxe5 15.Nxd7 Nxf3+
16.gxf3 Rxd7 17.Bxa7 Bxb2 18.Rab1 Bf6 19.Re4 O-O 20.Reb4 Ra8 21.Be3 Rxa2
22.c4 Ra1 23.Rxa1 Bxa1 24.c5 f5 25.f4 Kf7 26.Rb6 Bf6 27.Kg2 h6 28.Kf3 g5
29.h3 Rc7 30.Rb5 Kg6 31.Rb6 gxf4 32.Bxf4 Rxc5 33.Rxb7 Rc3+ 34.Kg2 e5 35.Bd2 Rd3
36.Bc1 f4 37.Rb6 Kf5 38.Rc6 Rb3 39.Rc2 h5 40.f3 Rb8 41.Kf1 e4 42.fxe4+ Kxe4
43.Re2+ Kf5 44.Bd2 Rb3 45.Rf2 Be5 46.Ke2 Ke4 47.h4 f3+ 48.Kd1 Bg3 49.Rf1 Rb1+  0-1

[Event "Czech Open A"]
[Site "Pardubice CZE"]
[Date "2009.07.24"]
[Round "1"]
[White "Pfretzschner,R"]
[Black "Hirneise,T"]
[Result "1/2-1/2"]
[WhiteElo "2243"]
[BlackElo "2429"]

1.e4 c5 2.Nf3 Nc6 3.Bb5 g6 4.O-O Bg7 5.Re1 e5 6.b4 cxb4 7.a3 b3 8.cxb3 Nge7
9.Bb2 O-O 10.Nc3 d6 11.Bxc6 Nxc6 12.h3 Be6 13.b4 Rc8 14.d3 Qd7 15.Qd2 f5
16.Ne2 fxe4 17.dxe4 Bxh3 18.Nh2 Be6 19.Rac1 Qf7 20.f3 Bc4 21.Ng4 Bxe2 22.Rxe2 Nd4
23.Bxd4 exd4 24.Nh6+ Bxh6 25.Qxh6 Qb3 26.Qd2 Rc3 27.Rd1 d3 28.Re3 Qxa3 29.Rxd3 Rxd3
30.Qxd3 Qxb4 31.Qxd6 Qxd6 32.Rxd6 Rf7 33.Kf2 Rc7 34.Ke3 Kf7 35.f4 Ke7 36.Rd1 h5
37.Ra1 a6 38.Kd4 Ke6 39.Ra5 Rd7+ 40.Ke3 Rd1 41.Rg5 Kf6 42.Ra5 Rb1 43.Rd5 Rb3+
44.Kd4 Rb4+ 45.Kd3 Rb3+ 46.Kd4 Rb4+ 47.Kd3 b6 48.Rd6+ Kf7 49.Rc6 a5 50.Rc7+  1/2-1/2